000 00640nam a2200217Ii 4500
003 JO-AjNU
008 230606s9999||||xx |||||||||||||| ||und||
020 _a978-0-273-75983-6
040 _aJO-AjNU
_beng
_erda
_cJO-AjNU
041 _aeng
050 1 4 _aQA76.73.C153.G33.2012
100 3 _aGaddis,Tony,
_eauthor
_92838
245 0 0 _aStarting out with c++ from control structers Through Objects
250 _a1 ed
264 3 1 _aNEWYORK:PERSON,2012
300 _a1238p
336 _atext
_btxt
_2rdacontent
337 _aunmediated
_bn
_2rdamedia
338 _avolume
_bnc
_2rdacarrier
650 4 _a (Computer program language) 
_92839
999 _aE1487
_c1487
_d1487